| 000 | 00739nam a22002417a 4500 | ||
|---|---|---|---|
| 999 |
_c6949 _d6949 |
||
| 001 | 7522 | ||
| 003 | BD-DhUAP | ||
| 005 | 20210111124124.0 | ||
| 008 | 210111s2004 ii a b 000 0 eng | ||
| 020 | _a8120323505 | ||
| 040 |
_aDLC _cDLC _dBD-DhUAP _beng |
||
| 082 | 0 | 0 |
_a658.8342 SCH _223 |
| 100 | _aSchiffman, Leon G. | ||
| 245 |
_aConsumer behavior / _cLeon G. Schiffman and Leslie Lazar Kanuk. |
||
| 250 | _a8th ed. | ||
| 260 |
_aNew Delhi : _bPrentice-Hall of India, _cc2004. |
||
| 300 |
_avarious pages : _billustrations ; _c26 cm. |
||
| 504 | _aIncludes bibliographical references and index. | ||
| 650 | _aConsumer behavior. | ||
| 650 | _aMotivation research (Marketing). | ||
| 700 | _aKanuk, Leslie Lazar. | ||
| 942 |
_2ddc _cBK |
||